Utamakan yang utama : Untuk hidup, menyayangi, belajar, meninggalkan warisan

Bibliographic Details
Main Author: COVEY
Other Authors: Adibah Amin , 1936-, Leo, Merrill
Format: Book
Published: Petaling Jaya, Selangor : Prentice Hall Malaysia , 1998
Subjects:

MARC

LEADER 00000cam a2200000 7i4500
001 0000000052
005 20020306.0
020 0 0 |a 9839236024 
090 0 0 |a 158.1   |b COV 1998 
100 1 0 |a COVEY   |h Stephen R. 
245 1 0 |a Utamakan yang utama :   |b Untuk hidup, menyayangi, belajar, meninggalkan warisan   |c Stephen R. Covey, A. Roger Merrill dan Rebecca R. Merrill, penterjemah Leo Ann Mean, penyunting Adibah Amin 
260 0 0 |a Petaling Jaya, Selangor :   |b Prentice Hall Malaysia ,   |c 1998 
300 |a 510 p. ;   |c 22 cm. 
650 0 0 |a Conduct of life 
650 0 0 |a Time management 
700 0 1 |a Adibah Amin ,   |c 1936- 
700 0 1 |a Leo   |h Ann Mean 
700 0 1 |a Merrill   |h A. Roger 
700 0 1 |a Merrill   |h Rebecca R. 
998 |a JPSM 
999 |a 0000001268   |b Monograph   |c Open Shelf   |e Default branch